000
00318nam a2200121Ia 4500
008
230907s9999||||xx |||||||||||||| ||und||
082
_a
891.439
_b
AKH
245
0
_a
ارفہ کریم: Arfa Kareem :
260
_a
Ilm-O-Irfan Publishers,
_b
Lahore :
_c
2013
300
_a
79 p.
650
_a
Urdu Literature.
942
_c
BK
999
_c
599676
_d
599676